[Event "Olaine Open Rapid 2018"]
[Site "Olaine"]
[Date "2018.11.25"]
[Round "7.6"]
[White "Volodins, Igors"]
[Black "Kolasa, Pjotrs"]
[Result "1/2-1/2"]
[WhiteElo "2186"]
[BlackElo "2108"]
[PlyCount "184"]
[EventDate "2018.11.24"]
[EventType "swiss"]
[EventCountry "LAT"]
[TimeControl "600+5"]
[WhiteClock "0:00:21"]
[BlackClock "0:01:14"]

1. g3 {[%emt 0:00:02]} Nf6 {[%emt 0:00:00]} 2. Bg2 {[%emt 0:00:01]} d5 {[%emt 0:00:41]} 3. c4 {[%emt 0:00:12]} dxc4 {[%emt 0:00:12]} 4. Qa4+ {[%emt 0:00:16]} Nbd7 {[%emt 0:00:07]} 5. Nf3 {[%emt 0:00:34]} e6 {[%emt 0:00:15]} 6. O-O {[%emt 0:00:21]} a6 {[%emt 0:00:29]} 7. Qxc4 {[%emt 0:00:03]} b5 {[%emt 0:00:05]} 8. Qc2 {[%emt 0:00:13]} Bb7 {[%emt 0:00:02]} 9. d3 {[%emt 0:00:10]} Bd6 {[%emt 0:00:05]} 10. a4 {[%emt 0:00:04]} O-O {[%emt 0:01:58]} 11. Na3 {[%emt 0:00:25]} Qe7 {[%emt 0:01:57]} 12. axb5 {[%emt 0:00:44]} axb5 {[%emt 0:00:01]} 13. Bd2 {[%emt 0:00:42]} Bxa3 {[%emt 0:00:13]} 14. Rxa3 {[%emt 0:00:14]} Rxa3 {[%emt 0:00:02]} 15. bxa3 {[%emt 0:00:01]} Qxa3 {[%emt 0:00:17]} 16. Qxc7 {[%emt 0:00:03]} Qa8 {[%emt 0:00:52]} 17. Qc3 {[%emt 0:00:27]} Rc8 {[%emt 0:00:07]} 18. Qb2 {[%emt 0:00:01]} Qa4 {[%emt 0:00:08]} 19. Bc3 {[%emt 0:01:25]} Nd5 {[%emt 0:01:13]} 20. Ra1 {[%emt 0:00:52]} Qg4 {[%emt 0:00:17]} 21. h3 {[%emt 0:00:16]} Qg6 {[%emt 0:00:12]} 22. Bd2 {[%emt 0:00:48]} Qf6 {[%emt 0:00:50]} 23. d4 {[%emt 0:00:02]} b4 {[%emt 0:00:12]} 24. e4 {[%emt 0:00:21]} N5b6 {[%emt 0:00:13]} 25. Ne5 {[%emt 0:01:05]} Nxe5 {[%emt 0:01:08]} 26. dxe5 {[%emt 0:00:01]} Qe7 {[%emt 0:00:00]} 27. Bxb4 {[%emt 0:00:38]} Qc7 {[%emt 0:00:01]} 28. Ba5 {[%emt 0:00:09]} Ra8 {[%emt 0:00:00]} 29. Rc1 {[%emt 0:00:18]} Nc4 {[%emt 0:00:03]} 30. Rxc4 {[%emt 0:00:31]} Qxc4 {[%emt 0:00:08]} 31. Qxb7 {[%emt 0:00:01]} Rc8 {[%emt 0:00:30]} 32. Qb4 {[%emt 0:00:11]} Qc1+ {[%emt 0:00:03]} 33. Bf1 {[%emt 0:00:11]} h6 {[%emt 0:00:01]} 34. Qd2 {[%emt 0:00:03]} Qc5 {[%emt 0:00:03]} 35. Bb4 {[%emt 0:00:40]} Qxe5 {[%emt 0:00:03]} 36. Qd3 {[%emt 0:00:03]} Qc7 {[%emt 0:00:15]} 37. Bd6 {[%emt 0:00:02]} Qc6 {[%emt 0:00:01]} 38. e5 {[%emt 0:00:06]} Ra8 {[%emt 0:00:07]} 39. Bg2 {[%emt 0:00:05]} Ra1+ {[%emt 0:00:01]} 40. Kh2 {[%emt 0:00:01]} Qc1 {[%emt 0:00:04]} 41. g4 {[%emt 0:00:08]} Qf4+ {[%emt 0:00:01]} 42. Qg3 {[%emt 0:00:03]} Qc1 {[%emt 0:00:02]} 43. Qe3 {[%emt 0:00:04]} Qg1+ {[%emt 0:00:17]} 44. Kg3 {[%emt 0:00:01]} Qb1 {[%emt 0:00:02]} 45. Qe4 {[%emt 0:00:15]} Qb3+ {[%emt 0:00:06]} 46. Qf3 {[%emt 0:00:02]} Qb1 {[%emt 0:00:07]} 47. Qb7 {[%emt 0:00:03]} Qd3+ {[%emt 0:00:08]} 48. Kh2 {[%emt 0:00:04]} Qd4 {[%emt 0:00:14]} 49. Qc8+ {[%emt 0:00:06]} Kh7 {[%emt 0:00:01]} 50. Qc2+ {[%emt 0:00:02]} g6 {[%emt 0:00:02]} 51. Kg3 {[%emt 0:00:25]} Rd1 {[%emt 0:00:07]} 52. Qe4 {[%emt 0:00:06]} Qc3+ {[%emt 0:00:05]} 53. Kh2 {[%emt 0:00:02]} Re1 {[%emt 0:00:01]} 54. Qf3 {[%emt 0:00:03]} Qxf3 55. Bxf3 {[%emt 0:00:01]} Rb1 {[%emt 0:00:11]} 56. h4 {[%emt 0:00:02]} Kg7 {[%emt 0:00:02]} 57. Be7 {[%emt 0:00:03]} Rb5 {[%emt 0:00:13]} 58. Bf6+ {[%emt 0:00:01]} Kh7 {[%emt 0:00:01]} 59. h5 {[%emt 0:00:03]} Rb4 {[%emt 0:00:03]} 60. Kg3 {[%emt 0:00:03]} Ra4 {[%emt 0:00:01]} 61. Bc6 {[%emt 0:00:04]} Ra3+ {[%emt 0:00:03]} 62. f3 {[%emt 0:00:01]} gxh5 {[%emt 0:00:04]} 63. gxh5 {[%emt 0:00:01]} Ra1 {[%emt 0:00:02]} 64. Be4+ {[%emt 0:00:27]} Kg8 {[%emt 0:00:01]} 65. f4 {[%emt 0:00:13]} Rg1+ {[%emt 0:00:03]} 66. Kf2 {[%emt 0:00:02]} Rg4 {[%emt 0:00:09]} 67. Kf3 {[%emt 0:00:06]} Rg1 {[%emt 0:00:00]} 68. Ke3 {[%emt 0:00:11]} Rg3+ {[%emt 0:00:04]} 69. Bf3 {[%emt 0:00:01]} Rg1 {[%emt 0:00:09]} 70. Be2 {[%emt 0:00:07]} Rg3+ {[%emt 0:00:02]} 71. Ke4 {[%emt 0:00:03]} Rg1 {[%emt 0:00:06]} 72. Kf3 {[%emt 0:00:18]} Rh1 {[%emt 0:00:04]} 73. Kg2 {[%emt 0:00:01]} Re1 {[%emt 0:00:02]} 74. Bg4 {[%emt 0:00:02]} Re4 {[%emt 0:00:13]} 75. Kf3 {[%emt 0:00:03]} Ra4 {[%emt 0:00:03]} 76. f5 {[%emt 0:00:06]} Ra3+ {[%emt 0:00:01]} 77. Ke2 {[%emt 0:00:01]} exf5 {[%emt 0:00:08]} 78. Bxf5 {[%emt 0:00:01]} Ra2+ {[%emt 0:00:09]} 79. Kd3 {[%emt 0:00:01]} Rh2 {[%emt 0:00:08]} 80. Bg4 {[%emt 0:00:07]} Rg2 {[%emt 0:00:07]} 81. Bf3 {[%emt 0:00:01]} Rg1 {[%emt 0:00:02]} 82. Ke4 {[%emt 0:00:01]} Re1+ {[%emt 0:00:03]} 83. Kd5 {[%emt 0:00:02]} Re3 {[%emt 0:00:03]} 84. Bg4 {[%emt 0:00:03]} Rg3 {[%emt 0:00:01]} 85. Bd7 {[%emt 0:00:06]} Rd3+ {[%emt 0:00:05]} 86. Kc6 {[%emt 0:00:01]} Rd1 {[%emt 0:00:18]} 87. e6 {[%emt 0:00:07]} fxe6 {[%emt 0:00:03]} 88. Bxe6+ {[%emt 0:00:01]} Kh7 {[%emt 0:00:06]} 89. Bf5+ {[%emt 0:00:02]} Kg8 {[%emt 0:00:01]} 90. Bg6 {[%emt 0:00:02]} Rd2 {[%emt 0:00:12]} 91. Kc5 {[%emt 0:00:04]} Rd1 {[%emt 0:00:02]} 92. Bd4 {[%emt 0:00:01]} Rxd4 {[%emt 0:00:05]} 1/2-1/2

[Event "Olaine Open Rapid 2018"]
[Site "Olaine"]
[Date "2018.11.25"]
[Round "8.2"]
[White "Neiksans, Arturs"]
[Black "Ramma, Kaspars"]
[Result "1-0"]
[WhiteElo "2553"]
[BlackElo "2107"]
[Annotator "TA"]
[PlyCount "73"]
[EventDate "2018.11.24"]
[EventType "swiss"]
[EventCountry "LAT"]

{[%evp 18,73,25,21,0,16,33,0,0,0,0,0,37,-41,-44,-141,37,63,55,54,56,50,111,58,115,77,119,54,119,121,159,141,140,55,46,52,69,70,55,40,31,44,87,95,107,97,102,96,108,105,136,129,156,161,160,166,302,301]} 1. e4 c5 2. Nf3 e6 3. d4 cxd4 4. Nxd4 Nc6 5. Nc3 Qc7 6. Be3 a6 7. Qf3 {B48: Sicilian: Taimanov: 5 Nc3 Qc7 6 Be3 a6 without Be2} Ne5 (7... Nf6 8. O-O-O d6 9. Nxc6 Qxc6 10. g4 b5 11. g5 Nd7 12. a3 Bb7 13. Qh3 Rc8 14. g6 Nf6 {0-1 (55) Durarbayli,V (2629)-Cori Tello,J (2664) Saint Louis 2018}) 8. Qg3 h5 {[%cal Bh7h5,Bh5h4][%mdl 32]} 9. f3 h4 10. Qf2 $1 {LiveBook: 4 Games} Bb4 11. Bd2 Nf6 12. O-O-O b5 13. Kb1 Bc5 $146 ({Predecessor:} 13... Be7 14. f4 Neg4 {1-0 (35) Elgersma,S (1935)-Keetman,M (2194) Rotterdam 2015}) 14. Be3 d6 15. Qd2 (15. Bxb5+ $14 axb5 16. Ndxb5) 15... Bd7 $15 {Hoping for ...b4.} 16. Nb3 (16. Bg5 $15) 16... Nc4 $2 (16... Bxe3 $17 17. Qxe3 b4) 17. Bxc4 $1 $14 Bxe3 18. Qxe3 bxc4 19. Nd2 Rh5 ({Black should play} 19... Rb8 $14) 20. Qd4 (20. g4 $16 Rc5 21. g5) 20... Rc5 (20... Rc8 $14) 21. Ka1 Rb8 22. Rb1 (22. e5 $16 dxe5 23. Qxh4) 22... e5 (22... Kf8 $14) 23. Qf2 $16 d5 24. exd5 (24. Qxh4 d4 $11) 24... Nxd5 25. Nde4 ({Better is} 25. Qxh4 $16 {Black must now prevent Nde4.} f6 26. Nxd5 Rxd5 27. Qxc4 (27. Nxc4 Be6 $16) 27... Qxc4 28. Nxc4) 25... Ra5 $14 26. a3 Bf5 {[#] aiming for ...Bxe4.} 27. Nxd5 ({Not} 27. Qxh4 $2 Bxe4 28. Qh8+ (28. Nxe4 $2 c3 $19) 28... Ke7 $19) 27... Rxd5 28. Nc3 (28. Qxh4 $5 {[%cal Rh4h8]} Qe7 29. Qh8+ Qf8 30. Qxf8+ Kxf8 31. Rbe1 $14) 28... Rd4 29. g4 $36 {[%mdl 2048] White has good play.} Bg6 30. Rhe1 {[#] And now Qxd4 would win.} Kf8 31. Qxh4 {Threatens to win with Qh8+.} Kg8 32. Qf2 Rbd8 33. Re2 f6 34. h4 {[%cal Bh2h4,Bh4h5][%mdl 32]} Qa5 35. h5 Bh7 36. Qe3 Rb8 (36... Qb6 {keeps fighting.} 37. g5 fxg5) 37. g5 {Precision: White = 45%, Black = 37%.} 1-0

[Event "Olaine Open Rapid 2018"]
[Site "Olaine"]
[Date "2018.11.25"]
[Round "8.3"]
[White "Mustaps, Matiss"]
[Black "Levchenkov, Vitaly"]
[Result "1-0"]
[WhiteElo "2354"]
[BlackElo "2150"]
[PlyCount "111"]
[EventDate "2018.11.24"]
[EventType "swiss"]
[EventCountry "LAT"]
[TimeControl "600+5"]
[WhiteClock "0:00:15"]
[BlackClock "0:01:28"]

1. e4 {[%emt 0:00:00]} c5 {[%emt 0:00:00]} 2. Nf3 {[%emt 0:00:00]} Nc6 {[%emt 0:00:00]} 3. d3 {[%emt 0:00:02]} g6 {[%emt 0:00:06]} 4. g3 {[%emt 0:00:02]} Bg7 {[%emt 0:00:02]} 5. Bg2 {[%emt 0:00:01]} Nf6 {[%emt 0:00:07]} 6. O-O {[%emt 0:00:02]} O-O {[%emt 0:00:06]} 7. c3 {[%emt 0:00:03]} e5 {[%emt 0:00:46]} 8. Re1 d5 {[%emt 0:00:00]} 9. Nbd2 {[%emt 0:00:11]} h6 {[%emt 0:00:16]} 10. a3 {[%emt 0:00:01]} a5 {[%emt 0:00:24]} 11. a4 {[%emt 0:00:01]} b6 {[%emt 0:00:21]} 12. exd5 {[%emt 0:00:05]} Nxd5 {[%emt 0:00:02]} 13. Nc4 {[%emt 0:00:01]} Re8 {[%emt 0:00:19]} 14. Bd2 {[%emt 0:00:25]} Ba6 {[%emt 0:00:31]} 15. Qb3 {[%emt 0:00:04]} Bb7 {[%emt 0:01:08]} 16. Rad1 {[%emt 0:00:06]} Kh7 {[%emt 0:00:09]} 17. Bc1 {[%emt 0:00:07]} f5 {[%emt 0:00:09]} 18. Qc2 {[%emt 0:00:10]} Qc7 {[%emt 0:00:35]} 19. h4 {[%emt 0:00:52]} Rad8 {[%emt 0:00:04]} 20. Re2 {[%emt 0:00:20]} Nf6 {[%emt 0:00:54]} 21. Rde1 {[%emt 0:00:16]} Ng4 {[%emt 0:00:06]} 22. h5 {[%emt 0:00:09]} g5 {[%emt 0:00:19]} 23. Nh2 {[%emt 0:00:46]} Nxh2 24. Kxh2 {[%emt 0:00:01]} Re7 {[%emt 0:01:00]} 25. Kg1 {[%emt 0:00:28]} Kh8 {[%emt 0:00:28]} 26. Ne3 {[%emt 0:00:02]} Rf7 {[%emt 0:00:45]} 27. Nd5 {[%emt 0:00:01]} Qd6 {[%emt 0:00:01]} 28. f4 {[%emt 0:01:02]} gxf4 {[%emt 0:01:14]} 29. gxf4 {[%emt 0:00:01]} Nb4 {[%emt 0:00:08]} 30. Nxb4 {[%emt 0:00:39]} axb4 {[%emt 0:00:47]} 31. fxe5 {[%emt 0:00:18]} Qxd3 {[%emt 0:00:06]} 32. Qxd3 {[%emt 0:00:03]} Rxd3 {[%emt 0:00:02]} 33. e6 {[%emt 0:00:01]} Re7 {[%emt 0:00:01]} 34. Bxb7 {[%emt 0:00:01]} bxc3 {[%emt 0:00:10]} 35. bxc3 {[%emt 0:00:20]} Bxc3 {[%emt 0:01:10]} 36. Bb2 {[%emt 0:00:23]} Bxb2 {[%emt 0:00:07]} 37. Rxb2 {[%emt 0:00:02]} Rd6 {[%emt 0:00:07]} 38. Bc8 {[%emt 0:00:29]} Rd8 {[%emt 0:00:05]} 39. Ba6 {[%emt 0:00:16]} Rd6 {[%emt 0:00:02]} 40. Bc4 {[%emt 0:00:58]} Rd4 {[%emt 0:00:04]} 41. Rc1 {[%emt 0:01:38]} Rg7+ {[%emt 0:00:11]} 42. Rg2 {[%emt 0:00:19]} Rdg4 {[%emt 0:00:04]} 43. Rxg4 {[%emt 0:00:14]} Rxg4+ {[%emt 0:00:01]} 44. Kf2 {[%emt 0:00:01]} Rf4+ {[%emt 0:00:06]} 45. Kg3 {[%emt 0:00:14]} Re4 {[%emt 0:00:08]} 46. Kf3 {[%emt 0:00:07]} Kg7 {[%emt 0:00:04]} 47. Rg1+ {[%emt 0:00:51]} Kf8 {[%emt 0:00:01]} 48. Bd5 {[%emt 0:00:04]} Re5 {[%emt 0:00:03]} 49. Rd1 {[%emt 0:00:01]} Ke7 {[%emt 0:00:04]} 50. Kf4 {[%emt 0:00:01]} Kf6 {[%emt 0:00:01]} 51. Kf3 {[%emt 0:00:22]} Ke7 {[%emt 0:00:14]} 52. Bc4 {[%emt 0:00:03]} Re4 {[%emt 0:00:29]} 53. Rd7+ {[%emt 0:00:06]} Kf8 {[%emt 0:00:03]} 54. Rf7+ {[%emt 0:00:02]} Kg8 {[%emt 0:00:03]} 55. e7 {[%emt 0:00:16]} Kh8 {[%emt 0:00:07]} 56. Rf8+ {[%emt 0:00:04]} 1-0

[Event "Olaine Open Rapid 2018"]
[Site "Olaine"]
[Date "2018.11.25"]
[Round "8.4"]
[White "Rogule, Laura"]
[Black "Miezis, Normunds"]
[Result "0-1"]
[WhiteElo "2263"]
[BlackElo "2477"]
[Annotator "TA"]
[PlyCount "66"]
[EventDate "2018.11.24"]
[EventType "swiss"]
[EventCountry "LAT"]

{[%evp 9,66,36,41,8,28,18,37,32,32,49,59,55,61,-17,-7,-50,-39,-55,-8,-3,-5,-8,0,-174,-29,-202,-183,-193,-188,-432,-424,-428,-431,-805,-801,-778,-800,-787,-790,-896,-852,-807,-651,-635,-650,-678,-675,-769,-769,-820,-804,-806,-802,-1027,-636,-1154,-1135,-1062,-1020]} 1. d4 Nf6 2. Nf3 c5 3. d5 e6 4. Nc3 b5 5. Bg5 b4 {LiveBook: 38 Games} 6. Bxf6 {A43: Schmid Benoni} gxf6 7. Na4 $1 f5 8. e3 {White is slightly better.} Qa5 9. b3 Bg7 $146 ({Predecessor:} 9... Rg8 10. Ne5 Bb7 11. Qh5 Rg7 12. dxe6 dxe6 13. Nb2 Nc6 {0-1 (49) Sakaev,K (2627)-Volkov,S (2554) New Delhi/Teheran 2000}) 10. Rc1 O-O 11. Bd3 (11. Bc4 $14) 11... Bb7 $11 12. O-O Bxd5 {Strongly threatening ...Bc6.} 13. Bxf5 Bxf3 14. Qxf3 Nc6 15. Bd3 f5 {[%cal Bf7f5,Bf5e4][%mdl 32]} 16. e4 $2 {[#]} (16. Be2 $11 {and White is okay.}) 16... Ne5 (16... c4 $1 $19 {[%cal Rc4d3][%mdl 512]} 17. Be2 (17. bxc4 Ne5) 17... Nd4) 17. Qe2 $2 {[#]} (17. Qf4 $11 {and White stays safe.}) 17... c4 $1 $36 {[%mdl 2624] Deflection. Black is on the roll.} 18. Bxc4 {[#]} (18. bxc4 f4) 18... fxe4 $1 19. Ba6 $2 {[#]} (19. Kh1) 19... Nf3+ $1 {[%mdl 512] Black is clearly winning.} 20. Kh1 (20. gxf3 Qg5+) 20... Nd4 21. Qc4 (21. Qxe4 $142 Qxa6 22. Rfd1) 21... d5 22. Qc5 Qxa6 23. Qxb4 {[#]} Nxc2 $1 {[%mdl 512]} 24. Qe7 (24. Rxc2 Qxf1#) 24... Rae8 25. Qh4 {[#]} Ne3 $1 {[%mdl 512]} 26. Rfe1 (26. fxe3 Rxf1+) 26... Nf5 {[%cal Be3f5,Bf5d4,Bd4f3][%mdl 32]} 27. Qh5 Qd6 28. g3 Nd4 29. Nc5 Nf3 30. Re3 Qe7 31. h4 Qf7 32. Qg4 h5 33. Qh3 Bh6 {Accuracy: White = 19%, Black = 51%.} 0-1

[Event "Olaine Open Rapid 2018"]
[Site "Olaine"]
[Date "2018.11.25"]
[Round "8.5"]
[White "Berzinsh, Roland"]
[Black "Bolsakovs, Vadims"]
[Result "1-0"]
[WhiteElo "2409"]
[BlackElo "2164"]
[PlyCount "31"]
[EventDate "2018.11.24"]
[EventType "swiss"]
[EventCountry "LAT"]
[TimeControl "600+5"]
[WhiteClock "0:00:11"]
[BlackClock "0:06:50"]

1. d4 {[%emt 0:00:00]} Nf6 {[%emt 0:00:00]} 2. Bf4 {[%emt 0:00:00]} d6 {[%emt 0:00:26]} 3. Nc3 {[%emt 0:00:01]} g6 {[%emt 0:00:21]} 4. e4 {[%emt 0:00:02]} Bg7 {[%emt 0:00:21]} 5. Qd2 {[%emt 0:00:01]} h6 {[%emt 0:01:15]} 6. O-O-O {[%emt 0:00:43]} Nbd7 {[%emt 0:01:43]} 7. Nf3 {[%emt 0:01:00]} Nh5 {[%emt 0:01:59]} 8. Be3 {[%emt 0:00:12]} e5 {[%emt 0:01:31]} 9. dxe5 {[%emt 0:00:06]} dxe5 {[%emt 0:00:53]} 10. g4 {[%emt 0:00:49]} Nf4 {[%emt 0:00:16]} 11. Nxe5 {[%emt 0:00:42]} Bxe5 {[%emt 0:00:24]} 12. Bxf4 {[%emt 0:00:02]} Qf6 {[%emt 0:01:10]} 13. Nd5 {[%emt 0:00:17]} Qd6 {[%emt 0:00:16]} 14. Bxe5 {[%emt 0:00:17]} Nxe5 {[%emt 0:00:07]} 15. f4 {[%emt 0:00:01]} Nf3 {[%emt 0:00:22]} 16. Qc3 {[%emt 0:00:17]} 1-0

[Event "Olaine Open Rapid 2018"]
[Site "Olaine"]
[Date "2018.11.25"]
[Round "8.6"]
[White "Jazdanovs, Aleksandrs"]
[Black "Volodins, Igors"]
[Result "1/2-1/2"]
[WhiteElo "2098"]
[BlackElo "2186"]
[PlyCount "35"]
[EventDate "2018.11.24"]
[EventType "swiss"]
[EventCountry "LAT"]
[TimeControl "600+5"]
[WhiteClock "0:04:38"]
[BlackClock "0:09:07"]

1. e4 {[%emt 0:00:00]} e5 {[%emt 0:00:14]} 2. Nf3 {[%emt 0:00:00]} Nc6 {[%emt 0:00:01]} 3. Bb5 {[%emt 0:00:00]} a6 {[%emt 0:00:02]} 4. Ba4 {[%emt 0:00:00]} d6 {[%emt 0:00:21]} 5. O-O {[%emt 0:00:09]} Bd7 {[%emt 0:00:19]} 6. c3 {[%emt 0:00:04]} Nge7 {[%emt 0:00:06]} 7. d4 {[%emt 0:00:03]} Ng6 {[%emt 0:00:01]} 8. dxe5 {[%emt 0:00:30]} Ncxe5 {[%emt 0:01:20]} 9. Nxe5 {[%emt 0:00:08]} dxe5 {[%emt 0:00:25]} 10. Bg5 {[%emt 0:00:20]} Be7 {[%emt 0:01:01]} 11. Bxe7 {[%emt 0:00:18]} Qxe7 {[%emt 0:00:05]} 12. Qxd7+ {[%emt 0:00:04]} Qxd7 {[%emt 0:00:01]} 13. Bxd7+ {[%emt 0:00:01]} Kxd7 {[%emt 0:00:01]} 14. Rd1+ {[%emt 0:00:11]} Ke6 {[%emt 0:00:02]} 15. g3 {[%emt 0:00:02]} Rhd8 {[%emt 0:00:16]} 16. Na3 {[%emt 0:00:03]} Ne7 {[%emt 0:01:22]} 17. f3 {[%emt 0:00:13]} Nc6 {[%emt 0:01:10]} 18. Nc4 {[%emt 0:00:17]} 1/2-1/2

[Event "Olaine Open Rapid 2018"]
[Site "Olaine"]
[Date "2018.11.25"]
[Round "9.2"]
[White "Lavendelis, Egons"]
[Black "Kolasa, Pjotrs"]
[Result "1-0"]
[WhiteElo "2290"]
[BlackElo "2108"]
[PlyCount "107"]
[EventDate "2018.11.24"]
[EventType "swiss"]
[EventCountry "LAT"]
[TimeControl "600+5"]
[WhiteClock "0:01:26"]
[BlackClock "0:00:46"]

1. e4 {[%emt 0:00:00]} e5 {[%emt 0:00:00]} 2. Nf3 {[%emt 0:00:00]} Nc6 {[%emt 0:00:00]} 3. d4 {[%emt 0:00:01]} exd4 {[%emt 0:00:01]} 4. Bc4 {[%emt 0:00:01]} Nf6 {[%emt 0:00:03]} 5. e5 {[%emt 0:00:04]} Ng4 {[%emt 0:00:10]} 6. Qe2 {[%emt 0:00:03]} Qe7 {[%emt 0:00:08]} 7. Bf4 {[%emt 0:00:19]} f6 {[%emt 0:00:02]} 8. exf6 {[%emt 0:00:10]} Qxe2+ {[%emt 0:00:09]} 9. Kxe2 {[%emt 0:00:30]} Nxf6 {[%emt 0:00:09]} 10. Rd1 {[%emt 0:00:08]} d5 {[%emt 0:00:20]} 11. Bb5 {[%emt 0:00:07]} a6 {[%emt 0:00:11]} 12. Bxc6+ {[%emt 0:01:54]} bxc6 {[%emt 0:00:02]} 13. Nxd4 {[%emt 0:00:15]} c5 {[%emt 0:01:34]} 14. Nf3 {[%emt 0:01:06]} Bd6 {[%emt 0:00:05]} 15. Bxd6 {[%emt 0:00:40]} cxd6 {[%emt 0:00:02]} 16. Nbd2 {[%emt 0:00:54]} Bf5 {[%emt 0:00:31]} 17. c3 {[%emt 0:00:09]} Kd7 {[%emt 0:00:45]} 18. Nf1 {[%emt 0:00:07]} Rhe8+ {[%emt 0:00:09]} 19. Ne3 {[%emt 0:00:02]} Rab8 {[%emt 0:00:19]} 20. b3 {[%emt 0:00:07]} Kc6 {[%emt 0:01:14]} 21. Kf1 {[%emt 0:00:20]} Bg6 {[%emt 0:00:23]} 22. Rac1 {[%emt 0:00:18]} a5 {[%emt 0:00:03]} 23. h3 {[%emt 0:00:57]} Be4 {[%emt 0:00:20]} 24. Ng1 {[%emt 0:00:17]} Rf8 {[%emt 0:01:19]} 25. Ne2 {[%emt 0:00:08]} Nh5 {[%emt 0:00:07]} 26. Kg1 {[%emt 0:00:23]} Rbe8 {[%emt 0:00:24]} 27. Rd2 {[%emt 0:00:34]} Rf7 {[%emt 0:00:20]} 28. Rcd1 {[%emt 0:00:21]} g5 {[%emt 0:00:39]} 29. b4 {[%emt 0:00:19]} Nf4 {[%emt 0:00:05]} 30. Nxf4 {[%emt 0:00:16]} gxf4 {[%emt 0:00:02]} 31. Nxd5 {[%emt 0:00:03]} Bxd5 {[%emt 0:00:10]} 32. Rxd5 {[%emt 0:00:01]} axb4 {[%emt 0:00:01]} 33. cxb4 {[%emt 0:00:04]} Re6 {[%emt 0:00:15]} 34. bxc5 {[%emt 0:00:19]} dxc5 {[%emt 0:00:01]} 35. Kf1 {[%emt 0:00:13]} Ra7 {[%emt 0:00:04]} 36. R5d2 {[%emt 0:00:04]} Ra3 {[%emt 0:00:04]} 37. Rc1 {[%emt 0:00:06]} Re5 {[%emt 0:00:11]} 38. f3 {[%emt 0:00:29]} Rd5 {[%emt 0:00:23]} 39. Re2 {[%emt 0:00:10]} Rd4 {[%emt 0:00:08]} 40. Rcc2 {[%emt 0:00:07]} Rda4 {[%emt 0:00:29]} 41. Re6+ {[%emt 0:00:07]} Kd5 {[%emt 0:00:06]} 42. Ree2 {[%emt 0:00:45]} Rd4 {[%emt 0:00:32]} 43. Re7 {[%emt 0:00:08]} Rda4 {[%emt 0:00:24]} 44. Rd7+ {[%emt 0:00:06]} Kc6 {[%emt 0:00:03]} 45. Rdd2 {[%emt 0:00:06]} c4 {[%emt 0:00:03]} 46. Rd4 {[%emt 0:00:06]} Kc5 {[%emt 0:00:01]} 47. Rxf4 {[%emt 0:00:03]} Rxa2 {[%emt 0:00:00]} 48. Rfxc4+ {[%emt 0:00:04]} Rxc4 {[%emt 0:00:08]} 49. Rxa2 {[%emt 0:00:01]} Kd4 {[%emt 0:00:09]} 50. Re2 {[%emt 0:00:05]} Kd3 {[%emt 0:00:04]} 51. Kf2 {[%emt 0:00:01]} h5 {[%emt 0:00:03]} 52. Re3+ {[%emt 0:00:04]} Kd2 {[%emt 0:00:01]} 53. Re5 {[%emt 0:00:01]} h4 {[%emt 0:00:03]} 54. Re4 {[%emt 0:00:01]} 1-0

[Event "Olaine Open Rapid 2018"]
[Site "Olaine"]
[Date "2018.11.25"]
[Round "9.3"]
[White "Ivanov, Igor"]
[Black "Antoms, Guntars"]
[Result "0-1"]
[WhiteElo "2142"]
[BlackElo "2340"]
[PlyCount "76"]
[EventDate "2018.11.24"]
[EventType "swiss"]
[EventCountry "LAT"]
[TimeControl "600+5"]
[WhiteClock "0:04:57"]
[BlackClock "0:00:10"]

1. b3 {[%emt 0:00:00]} e5 {[%emt 0:00:01]} 2. Bb2 {[%emt 0:00:00]} d6 {[%emt 0:00:03]} 3. e3 {[%emt 0:00:07]} f5 {[%emt 0:00:04]} 4. c4 {[%emt 0:01:07]} Nf6 {[%emt 0:00:19]} 5. d4 {[%emt 0:00:02]} Nbd7 {[%emt 0:00:04]} 6. Nf3 {[%emt 0:00:14]} Qe7 {[%emt 0:00:22]} 7. Nc3 {[%emt 0:00:30]} c6 {[%emt 0:00:03]} 8. Ba3 {[%emt 0:00:36]} e4 {[%emt 0:00:31]} 9. Nh4 {[%emt 0:01:07]} g6 {[%emt 0:00:10]} 10. g3 {[%emt 0:01:28]} Bg7 {[%emt 0:00:04]} 11. Ng2 {[%emt 0:00:36]} O-O {[%emt 0:00:23]} 12. Rc1 {[%emt 0:00:25]} Rd8 {[%emt 0:00:15]} 13. Be2 {[%emt 0:00:20]} Nf8 {[%emt 0:00:17]} 14. h4 {[%emt 0:00:27]} Qf7 {[%emt 0:00:26]} 15. d5 {[%emt 0:01:07]} c5 {[%emt 0:00:07]} 16. Bb2 {[%emt 0:00:32]} N6d7 {[%emt 0:00:15]} 17. Qc2 {[%emt 0:00:55]} Ne5 {[%emt 0:00:10]} 18. Na4 {[%emt 0:00:28]} Bd7 {[%emt 0:00:08]} 19. Bxe5 {[%emt 0:00:05]} Bxe5 {[%emt 0:00:03]} 20. Nc3 {[%emt 0:00:07]} a6 {[%emt 0:00:12]} 21. Nf4 {[%emt 0:00:12]} Rab8 {[%emt 0:00:05]} 22. Nh3 {[%emt 0:00:33]} b5 {[%emt 0:00:16]} 23. h5 {[%emt 0:00:21]} Qg7 {[%emt 0:00:43]} 24. hxg6 {[%emt 0:00:24]} hxg6 {[%emt 0:00:27]} 25. Nf4 {[%emt 0:00:05]} b4 {[%emt 0:00:27]} 26. Nb1 {[%emt 0:00:13]} a5 {[%emt 0:00:00]} 27. Kd2 {[%emt 0:00:06]} a4 {[%emt 0:00:00]} 28. g4 {[%emt 0:00:03]} fxg4 {[%emt 0:00:07]} 29. Rcg1 {[%emt 0:00:01]} axb3 {[%emt 0:00:18]} 30. Qxb3 {[%emt 0:00:02]} Bc3+ {[%emt 0:00:54]} 31. Kd1 {[%emt 0:00:13]} Ra8 {[%emt 0:00:01]} 32. Bxg4 {[%emt 0:00:03]} Ba4 {[%emt 0:00:02]} 33. Ne6 {[%emt 0:00:08]} Bxb3+ {[%emt 0:00:13]} 34. axb3 {[%emt 0:00:01]} Nxe6 {[%emt 0:00:20]} 35. Bxe6+ {[%emt 0:00:02]} Kf8 {[%emt 0:00:00]} 36. Rg4 {[%emt 0:00:13]} Ra1 {[%emt 0:00:10]} 37. Rf4+ {[%emt 0:00:04]} Ke7 {[%emt 0:00:07]} 38. Kc2 {[%emt 0:00:03]} Rda8 {[%emt 0:00:06]} 0-1